000 00383nam a2200157Ia 4500
008 230711s9999||||xx |||||||||||||| ||und||
041 _aENG
082 _a720
_bMA-I
100 _aMazumdar,Aurbindo
245 0 _aIndian press and freedom struggle
250 _a1st . Ed.
260 _c1993
_aNew Delhi
_bOrient Longman Pvt.Ltd
300 _a64
650 _aLiterature
942 _cBK
999 _c3415
_d3415